Տերտերն ու իր Բալդի ծառան : (Record no. 126682)
[ view plain ]
| 000 -LEADER | |
|---|---|
| fixed length control field | 01036nam a2200241 u 4500 |
| 001 - CONTROL NUMBER | |
| control field | 000336133 |
| 003 - CONTROL NUMBER IDENTIFIER | |
| control field | AM-YeHGA |
| 005 - DATE AND TIME OF LATEST TRANSACTION | |
| control field | 20250618072111.0 |
| 008 - FIXED-LENGTH DATA ELEMENTS--GENERAL INFORMATION | |
| fixed length control field | 030808s1973 ai r 000 0 arm d |
| 040 ## - CATALOGING SOURCE | |
| Original cataloging agency | AM-YeHGA |
| 041 1# - LANGUAGE CODE | |
| Language code of text/sound track or separate title | arm |
| Language code of original | rus |
| 080 ## - UNIVERSAL DECIMAL CLASSIFICATION NUMBER | |
| Universal Decimal Classification number | P1 |
| 090 ## - LOCALLY ASSIGNED LC-TYPE CALL NUMBER (OCLC); LOCAL CALL NUMBER (RLIN) | |
| Classification number (OCLC) (R) ; Classification number, CALL (RLIN) (NR) | Պ-97 |
| 090 ## - LOCALLY ASSIGNED LC-TYPE CALL NUMBER (OCLC); LOCAL CALL NUMBER (RLIN) | |
| -- | 128044 |
| 100 1# - MAIN ENTRY--PERSONAL NAME | |
| Personal name | Պուշկին, Ալեքսանդր Սերգեևիչ. |
| 9 (RLIN) | 6684 |
| 245 10 - TITLE STATEMENT | |
| Title | Տերտերն ու իր Բալդի ծառան : |
| Remainder of title | [Չափածո հեքիաթ] : Միջին տարիքի երեխաների համար / |
| Statement of responsibility, etc. | Ա. Պուշկին; Թարգմ.՝ Խնկո-Ապեր; Խմբ.՝ Հ. Կարապետյան; Նկ.՝ Գ. Յարալյան. |
| 260 ## - PUBLICATION, DISTRIBUTION, ETC. | |
| Place of publication, distribution, etc. | Երևան : |
| Name of publisher, distributor, etc. | Հայաստան, |
| Date of publication, distribution, etc. | 1973. |
| 300 ## - PHYSICAL DESCRIPTION | |
| Extent | 16 էջ : |
| Other physical details | նկ. ; |
| Dimensions | 17 սմ. |
| 650 14 - SUBJECT ADDED ENTRY--TOPICAL TERM | |
| Topical term or geographic name entry element | Ռուս մանկական գրականություն |
| General subdivision | Հեքիաթ |
| 9 (RLIN) | 5349 |
| 700 0# - ADDED ENTRY--PERSONAL NAME | |
| Personal name | Խնկո Ապեր, |
| Dates associated with a name | 1870-1935 |
| Relator term | թարգմ. |
| Relationship | trl |
| 700 1# - ADDED ENTRY--PERSONAL NAME | |
| Personal name | Կարապետյան, Հ. Մ. |
| Relator term | խմբ. |
| Relationship | edt |
| 700 1# - ADDED ENTRY--PERSONAL NAME | |
| Personal name | Յարալյան, Գեորգի Յակովի, |
| Dates associated with a name | 1927- |
| Relator term | նկ. |
| Relationship | art |
| Withdrawn status | Lost status | Damaged status | Not for loan | Collection | Home library | Current library | Date acquired | Total checkouts | Full call number | Barcode | Date last seen | Price effective from | Koha item type | Public note |
|---|---|---|---|---|---|---|---|---|---|---|---|---|---|---|
| General | Fundamental Scientific Library | Fundamental Scientific Library | 22/12/2016 | AI/12492 | FL0050055 | 22/12/2016 | 22/12/2016 | Գրքեր / Books | 30 Days Loan | |||||
| General | Fundamental Scientific Library | Fundamental Scientific Library | 22/12/2016 | AI/12493 | FL0050056 | 22/12/2016 | 22/12/2016 | Գրքեր / Books | 30 Days Loan |
ՀՀ Գիտությունների ազգային ակադեմիայի հիմնարար գիտական գրադարան = Fundamental Scientific Library of NAS RA
All site content, except where otherwise noted, is licensed under a